000 00352 a2200121 4500
000 nam a22 7a 4500
100 _aShastri, Gyanprakash
110 _aShastri, Gyanprakash
245 _aनिरुक्त-भाष्य: Nirukta Bhashya vol 2
260 _bParimal Publication
_c2025
264 _bParimal Publication
_c2025
942 _cBK
999 _c395890
_d395890